000
00327 a2200145 4500
001
164358
020
_a
040
_c
Magnum
100
_a
Bastos, Maria Helena Camara
240
1
0
_a
A escola elementar no seculo xix
_l
por
245
1
0
_a
A escola elementar no seculo xix
362
0
_a
1899
697
_a
ENSINO
942
_c
BK
999
_c
164358
_d
164358